| 000 | 01276nam a22003857a 4500 | ||
|---|---|---|---|
| 001 | 000674 | ||
| 003 | DO-SdBPM | ||
| 005 | 20260305080503.0 | ||
| 007 | ta | ||
| 008 | 161110b2005 ag a ||||| |||| 00| 0 spa d | ||
| 020 | _a9789870402145 | ||
| 040 |
_aDO-SdBPM _bspa _cBPMSU _erda |
||
| 082 | 0 | 4 |
_a A863.6 _bC112g 2010 _222 |
| 100 | 1 |
_aCabal Beatriz Cabal, _d1939-2004. _4aut. _eautor |
|
| 245 | 1 | 0 |
_aGatos eran los de antes / _cGraciela Cabal ; Eugenia Nobati y Lucia Fernández. |
| 250 | _a | ||
| 260 | _c | ||
| 264 |
_aBueno Aries : _bAlfaguara, _c2010. |
||
| 300 |
_a31 páginas : _bilustraciones ; _c19 cm. |
||
| 336 |
_atexto _btxt _2rdacontent |
||
| 337 |
_asin mediación _bn _2rdamedia |
||
| 338 |
_avolumen _bnc _2rdacarrier |
||
| 490 | 0 |
_aInfantil Alfaguara ; _aamarilla |
|
| 500 | _aCuarta reimpresión: enero de 2010. | ||
| 500 | _aIncluye datos del autor | ||
| 521 | _aA partir de 6 años. | ||
| 590 | _aInventariado, 2026/VM | ||
| 650 | 7 | _aCuentos juveniles argentinos | |
| 650 | 7 | _aLibros ilustrados para niños | |
| 650 | 7 |
_aGato _vCuentos infantiles |
|
| 700 | 1 |
_aNobati, Eugenia, _eilustraciónes |
|
| 700 | 1 |
_aFernáandez, Lucia, _eilustraciones |
|
| 910 | _aLOPEREZ/ VMateo V. Control de dalidad. BPMSU | ||
| 942 |
_2ddc _cBK |
||
| 999 |
_c11883 _d11883 |
||